Países más Grandes que Limitan el Océano Pacífico - Estadísticas

Estadísticas generales
  • Esta prueba ha sido intentada 3.825 veces
  • La puntuación promedio es 13 de 15
Estadísticas de respuestas
km2 País % Correcto
9,525,067 Estados Unidos
99%
7,692,024 Australia
98%
9,984,670 Canadá
98%
17,098,246 Rusia
98%
9,572,900 China
97%
756,102 Chile
96%
1,964,375 México
96%
377,930 Japón
95%
1,285,216 Perú
93%
1,910,931 Indonesia
91%
1,141,748 Colombia
88%
331,212 Vietnam
78%
330,803 Malasia
75%
462,840 Papua Nueva Guinea
70%
513,120 Tailandia
68%
No se encontraron pruebas coincidentes
Distribución de puntuación
Porcentaje de gente con cada puntuación
Porcentaje por número respondido
Historial de tus puntuaciones
No has intentado esta prueba.